Songs Covered by Guns N' Roses - Statistics

General Stats
  • This quiz has been taken 37 times
    16 since last reset
  • The average score is 8 of 17
Answer Stats
Hint Answer % Correct
UYI2 Knockin' On Heaven's Door
93%
UYI1 Live And Let Die
80%
Lies Mama Kin
67%
Spag Attitude
60%
Spag Since I Don't Have You
53%
Spag Down On The Farm
47%
Spag Hair of the Dog
47%
Spag I Don't Care About You/Look At Your Game, Girl
47%
Spag New Rose
47%
Lies Nice Boys
47%
Spag Ain't It Fun
40%
Spag Buick Makane/Big Dumb Sex
40%
Hits Sympathy for the Devil
40%
Spag Black Leather
33%
Spag Human Being
33%
Spag Raw Power
33%
Spag You Can't Put Your Arms Around A Memory
33%
No matching quizzes found
Score Distribution
Percent of People with Each Score
Percentile by Number Answered
Your Score History
You have not taken this quiz since the last reset